000
00337nam a2200145Ia 4500
008
230718s9999 xx 000 0 und d
041
_a
Eng.
082
_a
344.41
_b
HUD-T
100
_a
Hudson,Alastair
245
4
_a
The law on homelessnes
260
_a
Pakistan
_b
Sweet & Maxwell
_c
1997
300
_a
450
650
_a
Law
999
_c
30180
_d
30180